| 000 | 00474nam a2200169Ia 4500 | ||
|---|---|---|---|
| 008 | 221030s9999 xx 000 0 und d | ||
| 020 | _a8187527021 | ||
| 041 | _aEnglish | ||
| 082 |
_a105.23 _bJai |
||
| 100 | _aB. M. Agarwal | ||
| 245 | 0 |
_aUse of the Internet for Chartered Accounts & Company Secretaries _cby B. M. Agarwal, B. M. Aggrawal |
|
| 260 |
_bMashbra Ind. _aNew Delhi _c2000 |
||
| 300 | _a300 | ||
| 650 | _aBE Computer | ||
| 700 | _aB. M. Aggrawal | ||
| 942 | _cBK | ||
| 999 |
_c7300 _d7300 |
||